00753nam a2200241Ia 4500008004100000020002200041050001600063050001400079100002600093245002600119245002500145250001200170260001700182260003100199260000900230300001600239300001100255300001100266500005100277650004100328999001900369952012300388161112s9999 xx 000 0 und d a978-1-118-09149-4 aMAIN TX 921 b.S33 2013 aScanlon, Nancy Loman. 0aCatering management / 0cNancy Loman Scanlon. a4th Ed. aNew Jersey : bJohn Wiley and Sons, Inc., c2013 a262 pages : bill. ; c29 cm. aIncludes bibliographical references and index. aCaterers and catering -- Management. c305197d305197 001040aSMCbSMCcMAINd2015-11-03g5035.50l0oMAIN TX 921 .S33 2013pSMC05978r2016-11-12 00:00:00w2016-11-12yBK